000 00347nam a22001337a 4500
008 160915b xxu||||| |||| 00| 0 eng d
080 _a39
245 _aTristes Tropicos
_cStrauss, Claude Levy
_hClaude Levy-Strauss
250 _aS/ ed.
260 _aSao Paulo
_b70
_c1955
300 _a413p.
_b
_c
_e
_f
_g
650 _2Romance
942 _2udc
_cBK
999 _c38249
_d38249